Normal view
MARC view
Entry Topical Term
001 - CONTROL NUMBER
- control field: 784290
003 - CONTROL NUMBER IDENTIFIER
- control field: OSt
005 - DATE AND TIME OF LATEST TRANSACTION
- control field: 20250513171528.0
008 - FIXED-LENGTH DATA ELEMENTS
- fixed length control field: 250513|| aca||aabn | a|a d
040 ## - CATALOGING SOURCE
- Original cataloging agency: OSt
- Transcribing agency: OSt
150 ## - HEADING--TOPICAL TERM
- Topical term or geographic name entry element: हिन्दी निबंध
670 ## - SOURCE DATA FOUND
- Source citation: Work cat.: (OSt)1400832: सिंह, जय प्रकाश 784289, मेरे पिता त्रिलोचन:, 2017.
